Tony Hunts Structures Notebook / (Record no. 36691)

MARC details
000 -LEADER
fixed length control field 00422nam a2200169 4500
005 - DATE AND TIME OF LATEST TRANSACTION
control field 20241021100927.0
008 - FIXED-LENGTH DATA ELEMENTS--GENERAL INFORMATION
fixed length control field 241021b |||||||| |||| 00| 0 eng d
020 ## - INTERNATIONAL STANDARD BOOK NUMBER
ISBN 0750658975
082 ## - DEWEY DECIMAL CLASSIFICATION NUMBER
Classification number 624.171
Item number HUN-T
100 ## - MAIN ENTRY--AUTHOR
Author Name Hunt Tony
245 ## - TITLE STATEMENT
Title Tony Hunts Structures Notebook /
Statement of responsibility, etc. Tony hunt
260 ## - PUBLICATION, DISTRIBUTION, ETC.
Place of Publication UK
Name of publisher, distributor, etc. British Library
Date of publication, distribution, etc. 2003
300 ## - PHYSICAL DESCRIPTION
Pages 102p.
650 ## - SUBJECT ADDED ENTRY--TOPICAL TERM
Subject / Department Management
300 ## - PHYSICAL DESCRIPTION
-- ill;
-- 27cm.
952 ## - LOCATION AND ITEM INFORMATION (KOHA)
-- 0
-- 0
Holdings
Lost status Damaged status Collection code Permanent Location Current Location Shelving Location Date acquired Full Call Number Accession No./Barcode Date last seen item type Koha item type
    Management Superior Information Resource Center (SIRC) Superior University- Main Campus Superior Information Resource Center (SIRC) Superior University- Main Campus Management 10/21/2024 624.171 HUN-T 2003 29549 10/21/2024 BOOK BOOK

Powered by Koha